| 000 | 00633nam a2200217 i 4500 | ||
|---|---|---|---|
| 001 | 55134 | ||
| 003 | ES-MaACL | ||
| 005 | 20250911062641.0 | ||
| 007 | t| | ||
| 008 | 030912s1948 sp ||||1| spa d | ||
| 100 | 1 |
_aDelibes, Miguel, _d1920-2010 _9233557 |
|
| 245 | 1 | 3 |
_aLa sombra del ciprés es alargada / _cMiguel Delibes. |
| 250 | _a[2ª ed.]. | ||
| 260 |
_aBarcelona : _bDestino, _c[1948] ( _fAgustín Núñez) |
||
| 300 |
_a333 p. ; _c19 cm. |
||
| 490 | 1 | _aAncora y delfín | |
| 500 | _aPremio Eugenio Nadal, 1947. | ||
| 830 | 0 | 0 |
_aÁncora y Delfín _9151298 |
| 852 |
_aES-MaACL _jB-7369 _bR.28970 |
||
| 999 |
_c55134 _d55134 |
||